El libro de las virtudes

Uloženo v:
Podrobná bibliografie
Hlavní autor: Bennett, William J (Autor)
Médium: Kniha
Jazyk:španělština
Vydáno: Buenos Aires Vergara 1995
Vydání:1a. ed
Témata:
Tagy: Přidat tag
Žádné tagy, Buďte první, kdo vytvoří štítek k tomuto záznamu!

MARC

LEADER 00000cam a2200000 a 4500
001 UCK9897
003 CL-VaPUC
008 060609e19950000AG |||||||||||||||||spa|d
020 |a 9501515206 
082 0 4 |a 808.068  |b BEN  |2 21 
100 0 |a Bennett, William J  |e author  |9 499789 
245 1 3 |a El libro de las virtudes 
250 |a 1a. ed 
300 |a 625 p 
942 |c BK 
945 |d 20060609 00:00:00  |a jtorresc 
260 |a Buenos Aires  |b Vergara  |c 1995 
650 0 |a Literatura juvenil   |9 309909 
650 0 |a Antologías  |9 309836 
650 7 |a RECOPILACIONES, REPERTORIOS, ETC  |2 CL-VaPUC  |9 403392 
650 0 |a Virtud y vicio  |9 310637 
583 |a last modification  |c 20170612 04:59:16  |k Rodrigo Vera 
999 |c 316897  |d 316895 
952 |0 0  |1 0  |4 0  |6 808_068000000000000_BEN_1995  |7 0  |8 A  |9 392469  |a BIBEDU  |b BIBEDU  |d 2019-11-22  |i 4237781  |o 808.068 BEN 1995  |p 4237781  |r 2019-11-22  |w 2019-11-22  |y BK  |k EBA 
952 |0 0  |1 0  |4 0  |6 808_068000000000000_BEN_1995  |7 0  |8 A  |9 392470  |a BIBTEO  |b BIBTEO  |d 2019-11-22  |i 4794699  |o 808.068 BEN 1995  |p 4794699  |r 2025-01-17  |w 2019-11-22  |y BK  |k ICR